Sistema un solo pase en limpieza de equipos e instalaciones de leche fria (Registro nro. 192117)

Detalles MARC
001 - NÚMERO DE CONTROL
campo de control 648660
005 - FECHA Y HORA DE LA ÚLTIMA TRANSACCIÓN
campo de control 20240822095026.0
008 - DATOS DE LONGITUD FIJA--INFORMACIÓN GENERAL
campo de control de longitud fija 010223e20000701 spa
035 ## - NÚMERO DE CONTROL DEL SISTEMA
Número de control de sistema 648660
035 ## - NÚMERO DE CONTROL DEL SISTEMA
Número de control de sistema (OCoLC)819897034
040 ## - FUENTE DE LA CATALOGACIÓN
Centro/agencia transcriptor comduadb
041 ## - CÓDIGO DE LENGUA
Código de lengua del texto/banda sonora o título independiente spa
100 10 - ENTRADA PRINCIPAL--NOMBRE DE PERSONA
Nombre de persona Rosell Gimenez, E.
Código de función aut
Término indicativo de función/relación Autor/a
9 (RLIN) 333270
245 10 - MENCIÓN DE TÍTULO
Título Sistema un solo pase en limpieza de equipos e instalaciones de leche fria
650 #7 - PUNTO DE ACCESO ADICIONAL DE MATERIA--TÉRMINO DE MATERIA
Término de materia o nombre geográfico como elemento de entrada Leche
Fuente del encabezamiento o término embne
9 (RLIN) 5188
650 ## - PUNTO DE ACCESO ADICIONAL DE MATERIA--TÉRMINO DE MATERIA
Término de materia o nombre geográfico como elemento de entrada Limpieza industrial
9 (RLIN) 36147
650 #7 - PUNTO DE ACCESO ADICIONAL DE MATERIA--TÉRMINO DE MATERIA
Término de materia o nombre geográfico como elemento de entrada Industria láctea
Fuente del encabezamiento o término embne
9 (RLIN) 62233
650 #7 - PUNTO DE ACCESO ADICIONAL DE MATERIA--TÉRMINO DE MATERIA
Término de materia o nombre geográfico como elemento de entrada Productos lácteos
Fuente del encabezamiento o término lemb
9 (RLIN) 1030
773 0# - ENLACE AL DOCUMENTO FUENTE/ENTRADA DE REGISTRO ANFITRIÓN
Título Alimentación, Equipos y Tecnología (Madrid)
Parte(s) relacionada(s) Vol. 19, No. 06, Jul.-Ago. 2000, p. 93-95
Número de control del registro 6916
Número Internacional Normalizado para Publicaciones Seriadas 0212-1689
Número bibliográfico anfitrión 3171
942 ## - ELEMENTOS DE ENTRADA AGREGADA (KOHA)
Tipo de ítem Koha Artículo de Revista

No hay ítems disponibles.